Verše o prekrásnej dáme

Bibliographic Details
Main Author: Blok, Aleksandr Aleksandrovič, 1880-1921 (Author)
Format: Book
Language:Undetermined
PhysicalDescription:126 s.
Published: Bratislava Tatran 1972

MARC

LEADER 00000nam a2200000 a 4500
001 vtls001450584
003 SK-MaSNL
005 20260301073119.0
008 240318s1972 xx 0 und
035 |a SNK000405877 
040 |a SNK  |b slo  |c SNK  |e AACR2 
100 1 |a Blok, Aleksandr Aleksandrovič,  |d 1880-1921  |4 aut  |9 123171 
245 1 0 |a Verše o prekrásnej dáme 
260 |a Bratislava  |b Tatran  |c 1972 
300 |a 126 s. 
958 |a OND 
999 |c 643155  |d 645085 
952 |a SNK  |b SNK  |y PREZ  |7 0  |p 17A0941537  |o snkSD 41581   |0 0  |1 0  |4 0  |d 2013-08-14  |l 0  |r 2026-02-23 17:58:30  |w 2026-02-23 
952 |t P60, <04>, [BOOK], {604}  |a SNK  |b SNK  |y VYP  |7 0  |p 17A0376091  |o snkSD 41581 D1  |0 0  |1 0  |4 0  |d 2003-02-28  |l 0  |r 2005-01-02 00:00:00  |w 2026-02-23